|
|
|
|
| LEADER |
00689nam a22002172a 4500 |
| 001 |
000940427 |
| 003 |
CZ BrMZK |
| 005 |
20090528114642.0 |
| 007 |
ta |
| 008 |
090521s1969 gw er|||||||||||ger d |
| 040 |
|
|
|a BOA001
|b cze
|
| 100 |
1 |
|
|a Herwegh, Georg,
|d 1817-1875
|7 skuk0002974
|4 aut
|
| 245 |
1 |
0 |
|a Morgenruf :
|b ausgewählte Gedichte /
|c Georg Herwegh ; ausgewählt und hrsg. von Agnes Ziegengeist
|
| 250 |
|
|
|a 1. Aufl.
|
| 260 |
|
|
|a Leipzig :
|b Insel-Verlag,
|c 1969
|
| 300 |
|
|
|a 159 s.
|
| 700 |
1 |
|
|a Ziegengeist, Agnes
|4 edt
|
| 910 |
|
|
|a BOA001
|b 1-0628.359
|
| 990 |
|
|
|a BK
|
| 991 |
|
|
|b 200905
|
| 996 |
7 |
|
|b 2619489525
|c 1-0628.359
|l MZK
|r Sklad / do 1 hodiny
|n 0
|w 000940427
|u 000010
|a 1
|e BOA001
|j MZK50
|s A
|